Georgia 100k cities - Statistics

General Stats
  • This quiz has been taken 39 times
  • The average score is 5 of 8
Answer Stats
Hint Answer % Correct
510,823 Atlanta
100%
147,748 Savannah
95%
200,884 Augusta
82%
128,628 Athens
73%
156,512 Macon
73%
201,877 Columbus
59%
105,793 Sandy Springs
41%
110,920 South Fulton
14%
No matching quizzes found
Score Distribution
Percent of People with Each Score
Percentile by Number Answered
Your Score History
You have not taken this quiz